|
|
|
|
| LEADER |
00000nab a2200000 a 4500 |
| 001 |
vtls000703394 |
| 003 |
SK-MaSNL |
| 005 |
20260304143431.0 |
| 008 |
180207c1999 xo 0 slo |
| 015 |
|
|
|a SNBRB1999/10-25315
|
| 035 |
|
|
|a CLN000055561
|
| 040 |
|
|
|a SNKBUCL
|b slo
|c SNKBUCL
|e AACR2
|
| 041 |
0 |
|
|a slo
|
| 044 |
|
|
|a xo
|c SK
|
| 080 |
|
|
|a 331.881/.882:328.1
|2 UDC-MRF-SK2
|
| 080 |
|
|
|a 331.882
|2 UDC-MRF-SK2
|
| 080 |
|
|
|a 328.1
|2 UDC-MRF-SK2
|
| 080 |
|
|
|a 331.116.3
|2 UDC-MRF-SK2
|
| 100 |
1 |
|
|a Ľach, Michal
|4 aut
|9 845903
|
| 245 |
1 |
0 |
|a Tripartita - konštruktívne a aktívne
|c Michal Ľach
|
| 246 |
1 |
1 |
|a Tripartite - acts constructively and actively
|
| 500 |
|
|
|a Súbežný názov a text angl.
|
| 650 |
0 |
7 |
|a odbory
|2 SNKPH
|9 2328
|
| 650 |
0 |
7 |
|a zamestnávatelia
|2 SNKPH
|9 13672
|
| 650 |
0 |
7 |
|a vláda
|2 SNKPH
|9 4813
|
| 650 |
0 |
7 |
|a sociálne partnerstvo
|2 SNKPH
|9 67077
|
| 650 |
0 |
7 |
|a kolektívne zmluvy
|2 SNKPH
|9 71072
|
| 655 |
|
7 |
|a články z novín a časopisov
|2 SNK
|9 267496
|
| 773 |
0 |
|
|t International business cooperation
|g Roč. 10, č. 3 (1999), s. 3-4
|
| 850 |
|
|
|a Slovenská národná knižnica v Martine
|
| 852 |
|
|
|a SNK
|b KIS3GCP
|
| 958 |
|
|
|a RBX
|
| 999 |
|
|
|c 2925331
|d 2927261
|